| 000 | 00488nam a2200157Ia 4500 | ||
|---|---|---|---|
| 003 | LK-CoDNM | ||
| 008 | 010623t2002 xxu||||| |||| 00| 1 eng d | ||
| 040 |
_aLK-CoDNM _dLK-CoDNM _eLK-CoDNM |
||
| 041 | _aeng | ||
| 080 | _a303.823 MEN | ||
| 100 | _aMendis,A.I | ||
| 245 | _aThe Impact Of Indoor Air Pollution On the Health Of Women And Children In Low Income Groups In Sri Lanka | ||
| 260 |
_bThe Department Of National Planning _aColombo _c2002 |
||
| 300 | _b39p.;24 cm cm | ||
| 942 | _cBK | ||
| 999 |
_c121824 _d121824 |
||